|
|
|
|
| LEADER |
00769nam a2200253 a 4500 |
| 001 |
000476327 |
| 003 |
CZ BrMZK |
| 005 |
20080717115847.0 |
| 007 |
ta |
| 008 |
000105s1978 xo e slo d |
| 040 |
|
|
|a BOA001
|b cze
|
| 080 |
9 |
|
|a 75"19"
|
| 245 |
0 |
0 |
|a Vladimír Vestenický /
|c Igor Gazdík
|
| 250 |
|
|
|a 1. vyd.
|
| 260 |
|
|
|a Bratislava :
|b Pallas,
|c 1978
|
| 300 |
|
|
|a 119 s.
|
| 490 |
1 |
|
|a Profily ;
|v zv. 45
|
| 700 |
1 |
|
|a Gazdík, Igor,
|d 1943-2006
|7 jn20000601717
|4 aut
|
| 830 |
|
0 |
|a Profily (Pallas)
|
| 910 |
|
|
|a BOA001
|b 3-0798.726
|
| 964 |
|
|
|a Vestenický, Vladimír - 1919-1979 - dílo malířské - publikace obrazové
|
| 990 |
|
|
|a BK
|
| 991 |
|
|
|b 200807
|
| 996 |
6 |
|
|b 2619115971
|c 3-0798.726
|l MZK
|r Sklad / do 1 hodiny
|n 0
|w 000476327
|u 000010
|a 1
|e BOA001
|j MZK50
|s P
|